Production Building in Hayday - Statistics

General Stats
  • This quiz has been taken 15 times
  • The average score is 7 of 54
Answer Stats
Level Price Size Answer % Correct
2 20 3*3 Bakery
100%
21 12,100 3*3 Cake oven
67%
6 50 4*4 Dairy
47%
7 & 76 350 & 200,000 2*2 Sugar mill
47%
26 31,000 2*2 Juice press
33%
14 2,200 3*3 Pie oven
33%
8 650 3*3 Popcorn pot
33%
24 12,500-50,500 2*2 Smelter
33%
9 730 2*2 BBQ grill
27%
29 38,000 3*2 Ice cream maker
27%
35 59,000 2*2 Jam maker
27%
17 3,200 2*2 Loom
27%
19 4,500 2*2 Sewing machine
27%
3 & 12 5 & 3,200 3*3 Feed mill
20%
24 21,000 - Mine
20%
46 115,000 2*2 Soup kitchen
20%
56 150,000 2*2 Sushi bar
20%
48 118,000 2*2 Candle maker
13%
42 75,000 2*2 Coffee kiosk
13%
49 120,000 2*2 Flower shop
13%
39 35,000 2*2 Honey extractor
13%
38 68,000 2*2 Jeweler
13%
30 28,000 - Net maker
13%
51 120,000 2*2 Candy machine
7%
50 90,000 - Duck salon
7%
68 85,000 2*2 Essential oils lab
7%
44 80,000 - Lobster pool
7%
27 Free - Lure workbench
7%
58 165,000 3*3 Salad bar
7%
54 135,000 3*3 Sauce maker
7%
80 750,000 2*2 Tea stand
7%
84 850,000 2*2 Bath kiosk
0%
109 1,200,000 2*2 Cupcake maker
0%
87 900,000 2*2 Deep fryer
0%
76 680,000 2*2 Donut maker
0%
81 800,000 2*2 Fondue pot
0%
99 1,050,000 2*2 Fudge shop
0%
70 260,000 2*2 Hat maker
0%
75 650,000 2*2 Hot dog stand
0%
124 1,350,000 2*2 Milkshake bar
0%
77 600,000 2*2 Omelet Station
0%
72 550,000 2*2 Pasta kitchen
0%
67 410,000 2*2 Pasta maker
0%
110 1,000,000 2*2 Perfumerie
0%
119 1,300,000 2*2 Porridge bar
0%
94 1,000,000 2*2 Pottery Studio
0%
91 950,000 2*2 Preservation station
0%
61 180,000 3*3 Sandwich bar
0%
64 220,000 2*2 Smoothie mixer
0%
106 1,150,000 2*2 Stew pot
0%
77 700,000 2*2 Taco kitchen
0%
114 1,250,000 2*2 Waffle maker
0%
69 350,000 2*2 Wok kitchen
0%
103 1,100,000 2*2 Yogurt maker
0%
No matching quizzes found
Score Distribution
Percent of People with Each Score
Percentile by Number Answered
Your Score History
You have not taken this quiz